00777nam a2200205 a 45000010005000000030005000050050017000100080041000270400020000681110069000882450107001572460027002642600062002913000011003536500033003646100052003979420013004499990015004629520094004773005CDMR20151016134802.0130130s1976||||||||||||||||||||||||||||d aCDMRbcatcCDMR2 aCongreso Internacional de PeriodistascHelsinkid1976n8º9220810a8º Congreso de la Organización Internacional de Periodistasb: Helsinki, Finlandia, septiembre 1976 a8ª Congreso d ela OIP aPragac[s.d]bOrganización Internacional de Periodistas a130 p.0493445aPeriodismexCongressos2 92308aInternational Organisation of Journalists cMON2udc c3005d3005 00104070aCDMRbCDMRd2013-01-16l0oCi 11/5pCDMR13119567r2013-01-16w2013-01-16yMON